| 000 | 00757nac a22002411u 4500 | ||
|---|---|---|---|
| 010 | _a 99041239 | ||
| 020 | _a013085199X - 0131219332 | ||
| 035 | _a(DLC) 99041239 | ||
| 082 | 0 | 0 |
_a512.5 _bK8343 |
| 090 |
_c1998 _d1998 |
||
| 100 | _aKolman, Bernard, | ||
| 245 | 1 | 0 | _aElementary linear algebra. |
| 250 |
_a8th ed. / _bBernard Kolman, David R. Hill. |
||
| 260 |
_aUpper Saddle River, N.J. : _bPrentice Hall,2000 _c2000. |
||
| 300 |
_axv, 568 p. : _bill. ; _c25 cm. |
||
| 500 | _aIncludes index. | ||
| 650 | 0 | _aAlgebras, Linear. | |
| 700 | 1 |
_aHill, David R. _q(David Ross), _d1943- |
|
| 942 |
_cBB _k512.5K8343 _hRDA-MOD |
||
| 999 |
_c1998 _d1998 |
||
| 336 |
_2rdacontent _atext _btxt |
||
| 337 |
_aunmediated _2rdamedia _bn |
||
| 338 |
_avolume _bnc _2rdacarrier |
||